000 00571nam a2200205Ia 4500
005 20250923145756.0
008 008 250917s9999 xx 000 0 eng d
037 _aTextual
040 _aDSWL
_beng
_cDSWL
041 _aeng
_2eng
084 _aY:49(Q:4289).2, N88
_qDSWL
100 _aDatta, V.N.
_9838821
245 0 _aSati: Widow burning in India
_cby V.N.Datta
260 _aNew Delhi
_bManohar
_c1988
300 _axx,279
365 _aINR
_b190.00
925 _g190.00
942 _cTEXL
_hY:49(Q:4289).2, N88
999 _c1455528
_d1455528